[Event "SVK-chT2A 2223"]
[Site "Slovakia"]
[Date "2023.02.11"]
[Round "8.4"]
[White "Bochnickova, Simona"]
[Black "Mosny, Jaroslav"]
[Result "1-0"]
[WhiteElo "1903"]
[BlackElo "1784"]
[PlyCount "63"]
[EventDate "2022.10.08"]
[EventType "team-tourn"]
[EventRounds "11"]
[EventCountry "SVK"]
[SourceTitle "EXT 2024"]
[Source "ChessBase"]
[SourceDate "2023.10.10"]
[SourceVersion "1"]
[SourceVersionDate "2023.10.10"]
[SourceQuality "1"]
[WhiteTeam "Modra II"]
[BlackTeam "Trnava Lokomotiva"]
[WhiteTeamCountry "SVK"]
[BlackTeamCountry "SVK"]

1. e4 e5 2. Nf3 d6 3. d4 exd4 4. Qxd4 Nc6 5. Bb5 Nge7 6. Be3 a6 7. Bxc6+ Nxc6 8. Qd2 Be7 9. Nc3 0-0 10. 0-0-0 Re8 11. Rhe1 Bg4 12. h3 Bh5 13. g4 Bg6 14. h4 f6 15. h5 Bf7 16. h6 g6 17. g5 Ne5 18. Nxe5 dxe5 19. Qe2 Qc8 20. Nd5 Qe6 21. b3 Qc6 22. Nxe7+ Rxe7 23. gxf6 Qxf6 24. Qd2 Qc6 25. Bg5 Re6 26. Qd7 Qc3 27. Kb1 Rd6 28. Rxd6 cxd6 29. Rd1 Rc8 30. Rd2 d5 31. Qd6 Qc7 32. Qf6 1-0

[Event "Liptovsky Jan Slovak op U2200"]
[Site "Liptovsky Jan"]
[Date "2021.06.20"]
[Round "7"]
[White "Stevik, Patrik1111"]
[Black "Mosny, Jaroslav"]
[Result "1-0"]
[WhiteElo "2101"]
[BlackElo "1880"]
[PlyCount "43"]
[EventDate "2021.06.17"]
[EventType "swiss"]
[EventRounds "7"]
[EventCountry "SVK"]
[SourceTitle "CBM 203 Extra"]
[Source "ChessBase"]
[SourceDate "2021.09.30"]
[SourceVersion "1"]
[SourceVersionDate "2021.09.30"]
[SourceQuality "1"]

1. b3 d5 2. Bb2 Nf6 3. e3 Bf5 4. Be2 Nc6 5. f4 d4 6. exd4 Nxd4 7. d3 e6 8. Nf3 Nxe2 9. Qxe2 Bb4+ 10. Nbd2 0-0 11. 0-0 Bc5+ 12. d4 Bd6 13. Ne1 c5 14. Nc4 Be7 15. Rd1 Qc7 16. Ne5 cxd4 17. Bxd4 Bc5 18. c4 Rad8 19. N1f3 Bg4 20. Bxc5 Qxc5+ 21. Kh1 Qc7 22. h3 1-0

[Event "Liptovsky Jan Slovak op U2200"]
[Site "Liptovsky Jan"]
[Date "2021.06.18"]
[Round "2"]
[White "Mosny, Jaroslav"]
[Black "Kasperek, Ryszard"]
[Result "0-1"]
[WhiteElo "1880"]
[BlackElo "2170"]
[PlyCount "126"]
[EventDate "2021.06.17"]
[EventType "swiss"]
[EventRounds "7"]
[EventCountry "SVK"]
[SourceTitle "CBM 203 Extra"]
[Source "ChessBase"]
[SourceDate "2021.09.30"]
[SourceVersion "1"]
[SourceVersionDate "2021.09.30"]
[SourceQuality "1"]

1. d4 Nf6 2. Nf3 c5 3. c3 g6 4. Bf4 b6 5. e3 Bg7 6. Bd3 Bb7 7. Nbd2 d6 8. 0-0 Nbd7 9. Qe2 0-0 10. Rad1 Re8 11. Bc4 e5 12. dxe5 dxe5 13. Bg3 a6 14. a4 Qe7 15. e4 Nh5 16. Bh4 Bf6 17. Bxf6 Ndxf6 18. g3 h6 19. Nh4 Kg7 20. Rfe1 Kh7 21. Qf3 Bc8 22. Qe2 Ra7 23. Nf1 Bd7 24. Bd5 b5 25. axb5 axb5 26. Ne3 c4 27. Ra1 Rc7 28. Ra6 Rcc8 29. Ra7 Nxd5 30. Nxd5 Qd6 31. Rea1 Kg7 32. R1a6 Rc6 33. Rxc6 Bxc6 34. Qf3 Nf6 35. Qxf6+ Qxf6 36. Nxf6 Kxf6 37. Ra6 Re6 38. f3 Be8 39. Rxe6+ Kxe6 40. Kf2 f5 41. Ke3 f4+ 42. gxf4 exf4+ 43. Kd4 h5 44. Ng2 g5 45. h4 Kf6 46. hxg5+ Kxg5 47. Ke5 h4 48. Nxh4 Kxh4 49. Kxf4 Bd7 50. e5 Kh5 51. Ke4 Kg6 52. f4 Be6 53. Kd4 Kf5 54. Kc5 Kxf4 55. Kxb5 Kxe5 56. Kb4 Ke4 57. Ka3 Kd3 58. Ka2 Kc2 59. Ka1 Kb3 60. Kb1 Bf5+ 61. Ka1 Kc2 62. Ka2 Kc1 63. Ka1 Bb1 0-1

[Event "Tatry op"]
[Site "Tatranske Zruby"]
[Date "2019.09.29"]
[Round "2"]
[White "Vojtek, Vladimir"]
[Black "Mosny, Jaroslav"]
[Result "1/2-1/2"]
[WhiteElo "2312"]
[BlackElo "1882"]
[PlyCount "140"]
[EventDate "2019.09.28"]
[EventType "swiss"]
[EventRounds "9"]
[EventCountry "SVK"]
[SourceTitle "EXT 2020"]
[Source "ChessBase"]
[SourceDate "2019.10.17"]
[SourceVersion "1"]
[SourceVersionDate "2019.10.17"]
[SourceQuality "1"]

1. e4 e5 2. Nf3 d6 3. d4 exd4 4. Qxd4 Nc6 5. Bb5 Nge7 6. Bg5 a6 7. Bxc6+ Nxc6 8. Qc3 f6 9. Bd2 Be6 10. Qe3 Be7 11. Nc3 0-0 12. Nd5 Re8 13. 0-0 Bf7 14. Rae1 Ne5 15. b3 Nxf3+ 16. Qxf3 c6 17. Ne3 Qc7 18. Qg4 Bf8 19. h4 d5 20. exd5 cxd5 21. h5 Re4 22. Qh3 Rae8 23. h6 g6 24. Ng4 Be7 25. Rxe4 dxe4 26. Qc3 Qxc3 27. Bxc3 f5 28. Nf6+ Bxf6 29. Bxf6 Re6 30. Bg5 Rd6 31. c4 Kf8 32. Rc1 Ke8 33. Kf1 Kd7 34. Ke2 Ke6 35. c5 Rd5 36. c6 bxc6 37. Rxc6+ Rd6 38. Rc8 Ke5 39. g3 Rd7 40. Rc6 Ra7 41. Bf4+ Kd5 42. Rd6+ Kc5 43. Rf6 Kb5 44. Bd2 Rb7 45. Ke3 Rd7 46. Be1 Rd3+ 47. Ke2 Rd7 48. Bd2 Rb7 49. Kd1 Bd5 50. Kc2 Bc6 51. Kc3 Kc5 52. Bf4 Rd7 53. Be3+ Kd5 54. Rf8 Bb5 55. Ra8 Rb7 56. Rd8+ Rd7 57. Rc8 Bc6 58. a4 Rb7 59. Bf4 Rd7 60. Kb2 Bb7 61. Rc1 Ke6 62. Rc5 Rd5 63. Rc3 Rd3 64. b4 Rxc3 65. Kxc3 Kd5 66. Be3 Bc6 67. Kb3 Bd7 68. b5 axb5 69. a5 Bc8 70. Kb4 Kc6 1/2-1/2

[Event "SVK-chT2A 1718"]
[Site "Slovakia"]
[Date "2018.02.04"]
[Round "7.6"]
[White "Mosny, Jaroslav"]
[Black "Ambros, Rafael"]
[Result "1-0"]
[WhiteElo "1910"]
[BlackElo "1977"]
[PlyCount "53"]
[EventDate "2017.10.28"]
[EventType "team-tourn"]
[EventRounds "11"]
[EventCountry "SVK"]
[SourceTitle "EXT 2019"]
[Source "ChessBase"]
[SourceDate "2018.10.10"]
[SourceVersion "1"]
[SourceVersionDate "2018.10.10"]
[SourceQuality "1"]
[WhiteTeam "Trnava Lokomotiva II"]
[BlackTeam "Gbely Nafta"]
[WhiteTeamCountry "SVK"]
[BlackTeamCountry "SVK"]

1. d4 d5 2. Nf3 c6 3. Bf4 Nf6 4. e3 g6 5. Bd3 Bg7 6. 0-0 0-0 7. Nbd2 b6 8. Qe2 Nh5 9. Rfe1 Nxf4 10. exf4 e6 11. Ne5 Bb7 12. Ndf3 c5 13. c3 Nc6 14. h4 Qd6 15. h5 cxd4 16. cxd4 Nb4 17. g3 Nxd3 18. Qxd3 Rac8 19. hxg6 hxg6 20. Kg2 Rc7 21. Rh1 Rfc8 22. Rae1 Rc2 23. Nxf7 Kxf7 24. Ng5+ Kg8 25. Qxg6 Qd7 26. Qh7+ Kf8 27. Nxe6+ 1-0

[Event "SVK-chT2A 1718"]
[Site "Slovakia"]
[Date "2018.01.13"]
[Round "5.8"]
[White "Slaby, Jozef"]
[Black "Mosny, Jaroslav"]
[Result "1/2-1/2"]
[WhiteElo "1737"]
[BlackElo "1910"]
[PlyCount "28"]
[EventDate "2017.10.28"]
[EventType "team-tourn"]
[EventRounds "11"]
[EventCountry "SVK"]
[SourceTitle "EXT 2019"]
[Source "ChessBase"]
[SourceDate "2018.10.10"]
[SourceVersion "1"]
[SourceVersionDate "2018.10.10"]
[SourceQuality "1"]
[WhiteTeam "Piestany Loewe"]
[BlackTeam "Trnava Lokomotiva II"]
[WhiteTeamCountry "SVK"]
[BlackTeamCountry "SVK"]

1. Nf3 Nf6 2. c4 e6 3. g3 c5 4. Bg2 Nc6 5. 0-0 Be7 6. d3 0-0 7. Nbd2 Rb8 8. b3 d6 9. Bb2 b6 10. Ne1 Bb7 11. Nc2 Qc7 12. Nf3 Rbd8 13. e3 d5 14. Qe2 dxc4 1/2-1/2

[Event "SVK-ch Seniors 50"]
[Site "Tatranske Matliare"]
[Date "2017.05.28"]
[Round "3"]
[White "Mosny, Jaroslav"]
[Black "Bracok, Stefan"]
[Result "1/2-1/2"]
[WhiteElo "1965"]
[BlackElo "1828"]
[PlyCount "28"]
[EventDate "2017.05.27"]
[EventType "swiss"]
[EventRounds "9"]
[EventCountry "SVK"]
[SourceTitle "EXT 2023"]
[Source "ChessBase"]
[SourceDate "2022.10.05"]
[SourceVersion "1"]
[SourceVersionDate "2022.10.05"]
[SourceQuality "1"]

1. d4 Nf6 2. Nf3 g6 3. Bg5 Bg7 4. e3 d6 5. Bd3 c5 6. c3 cxd4 7. exd4 0-0 8. 0-0 Nc6 9. Nbd2 Qc7 10. Re1 e5 11. Ne4 Nxe4 12. Bxe4 exd4 13. Bxc6 bxc6 14. Nxd4 Bd7 1/2-1/2

[Event "SVK-chT1W 1617"]
[Site "Slovakia"]
[Date "2016.11.19"]
[Round "3.8"]
[White "Dlhy, Jozef"]
[Black "Mosny, Jaroslav"]
[Result "1-0"]
[WhiteElo "2073"]
[BlackElo "1964"]
[PlyCount "119"]
[EventDate "2016.10.15"]
[EventType "team-tourn"]
[EventRounds "11"]
[EventCountry "SVK"]
[SourceTitle "EXT 2018"]
[Source "ChessBase"]
[SourceDate "2017.10.13"]
[SourceVersion "1"]
[SourceVersionDate "2017.10.13"]
[SourceQuality "1"]
[WhiteTeam "Nitra NSK"]
[BlackTeam "Trnava Lokomotiva"]
[WhiteTeamCountry "SVK"]
[BlackTeamCountry "SVK"]

1. d4 d5 2. Nf3 Nf6 3. Bg5 Nbd7 4. e3 e6 5. Bd3 Be7 6. Nbd2 0-0 7. 0-0 b6 8. c3 Bb7 9. Ne5 Ne4 10. Bxe7 Qxe7 11. Nxd7 Qxd7 12. f4 Nxd2 13. Qxd2 f5 14. a4 Bc6 15. a5 Bb5 16. Ra3 Bxd3 17. Qxd3 b5 18. Ra2 a6 19. b3 c6 20. c4 Ra7 21. Rc1 Rc8 22. Rac2 Rac7 23. cxb5 cxb5 24. Rc5 Rxc5 25. dxc5 Qe7 26. Qd4 Qf6 27. b4 Kf7 28. g3 h6 29. Kf2 g5 30. h3 Rg8 31. Qxf6+ Kxf6 32. Rd1 Rd8 33. Kf3 gxf4 34. gxf4 Rg8 35. Rc1 Rg7 36. Rc2 Rg1 37. c6 Rg8 38. c7 Rc8 39. Rc6 Ke7 40. Rxa6 Rxc7 41. Rb6 Rc3 42. Ke2 d4 43. exd4 Rxh3 44. Rxb5 Kd6 45. Rb6+ Kd5 46. a6 Ra3 47. b5 h5 48. Kf2 h4 49. Kg2 Ke4 50. Rxe6+ Kxf4 51. Re7 Kg5 52. a7 f4 53. b6 f3+ 54. Kf2 Kf4 55. b7 Ra2+ 56. Ke1 f2+ 57. Kf1 Kf3 58. Rf7+ Ke3 59. b8Q Ra1+ 60. Kg2 1-0

[Event "SVK-chT2A 1516"]
[Site "Slovakia"]
[Date "2016.03.13"]
[Round "11.8"]
[White "Lintner, Igor"]
[Black "Mosny, Jaroslav"]
[Result "0-1"]
[WhiteElo "2103"]
[BlackElo "1971"]
[PlyCount "70"]
[EventDate "2015.10.17"]
[EventType "team-tourn"]
[EventRounds "11"]
[EventCountry "SVK"]
[SourceTitle "EXT 2017"]
[Source "ChessBase"]
[SourceDate "2016.10.25"]
[SourceVersion "1"]
[SourceVersionDate "2016.10.25"]
[SourceQuality "1"]
[WhiteTeam "Bratislava KSN"]
[BlackTeam "Trnava Lokomotiva II"]
[WhiteTeamCountry "SVK"]
[BlackTeamCountry "SVK"]

1. e4 e5 2. Nf3 d6 3. d4 exd4 4. Nxd4 g6 5. Bc4 Bg7 6. 0-0 Nf6 7. Nc3 0-0 8. f3 Nbd7 9. a3 Nc5 10. Be3 a6 11. Qd2 Be6 12. Nxe6 Nxe6 13. Rad1 Qe7 14. Rfe1 Rfe8 15. Bf2 Rac8 16. f4 Ng4 17. f5 Nc5 18. Nd5 Qe5 19. Bg3 Qxb2 20. Qg5 Ne5 21. fxg6 hxg6 22. Ne7+ Rxe7 23. Qxe7 Nxc4 24. e5 Nxe5 25. Rb1 Qc3 26. Rf1 Ne4 27. Bxe5 Qe3+ 28. Kh1 Bxe5 29. Qxf7+ Kh8 30. Rf3 Ng5 31. Qxg6 Nxf3 32. Qh5+ Kg7 33. gxf3 Rh8 34. Qg4+ Kf6 35. h4 Qf4 0-1

[Event "SVK-chT2A 1516"]
[Site "Slovakia"]
[Date "2016.02.14"]
[Round "9.8"]
[White "Mandak, Miroslav"]
[Black "Mosny, Jaroslav"]
[Result "1-0"]
[WhiteElo "2016"]
[BlackElo "1971"]
[PlyCount "93"]
[EventDate "2015.10.17"]
[EventType "team-tourn"]
[EventRounds "11"]
[EventCountry "SVK"]
[SourceTitle "EXT 2017"]
[Source "ChessBase"]
[SourceDate "2016.10.25"]
[SourceVersion "1"]
[SourceVersionDate "2016.10.25"]
[SourceQuality "1"]
[WhiteTeam "Krasnany"]
[BlackTeam "Trnava Lokomotiva II"]
[WhiteTeamCountry "SVK"]
[BlackTeamCountry "SVK"]

1. e4 e5 2. Nf3 d6 3. Bc4 Be7 4. d3 Nf6 5. 0-0 0-0 6. h3 c6 7. Bb3 Nbd7 8. c3 Nc5 9. Bc2 Qc7 10. Re1 Re8 11. Nbd2 Ne6 12. d4 Nf8 13. a4 Bd7 14. Nf1 Ng6 15. Be3 b6 16. Ng3 Bf8 17. Qd2 Rad8 18. Bg5 Be7 19. Bb3 Be6 20. Bc2 Kh8 21. Nf5 Ng8 22. Bxe7 N8xe7 23. Ng5 Ng8 24. Nxe6 fxe6 25. Ne3 Nf6 26. g3 Qe7 27. Qe2 Rf8 28. a5 b5 29. Ng4 h6 30. dxe5 dxe5 31. Ne3 Nh7 32. Red1 Rde8 33. Kg2 Ng5 34. Qg4 Qf6 35. Rf1 Nf3 36. Rad1 Re7 37. Nf5 Ree8 38. Qxf3 exf5 39. Qxf5 Ne7 40. Qxf6 Rxf6 41. Rd7 a6 42. Rfd1 c5 43. R1d6 Nc6 44. Rxf6 gxf6 45. Rd6 Nxa5 46. Rxa6 Nc4 47. b3 1-0